Purchasing and Materials Management / (Record no. 976)

MARC details
000 -LEADER
Fixed length control field 00493nam a2200181 4500
003 - CONTROL NUMBER IDENTIFIER
Control field SEACOMMC
005 - DATE AND TIME OF LATEST TRANSACTION
Control field 20250506114757.0
008 - FIXED-LENGTH DATA ELEMENTS--GENERAL INFORMATION
Fixed length control field 250107b |||||||| |||| 00| 0 eng d
020 ## - INTERNATIONAL STANDARD BOOK NUMBER / ISBN
International Standard Book Number 978-0-70697-939-8
Price Rs.220.00
040 ## - CATALOGING SOURCE
Original cataloging agency SEACOMMC
082 ## - DEWEY DECIMAL CLASSIFICATION NUMBER
Classification number 658.72
Book Number N 155
100 ## - MAIN ENTRY--PERSONAL NAME
Personal name Nair,N.K
245 1# - TITLE STATEMENT
Title Purchasing and Materials Management /
Statement of responsibility K.N. Nair
250 ## - EDITION STATEMENT
Edition statement 2nd rev.ed.
260 ## - IMPRINT
Place of publication New Delhi
Name of publisher Vikas Publishing House
Date of publication 1990
650 ## - SUBJECT ADDED ENTRY--TOPICAL TERM
Topical term Purchasing Management
942 ## - ADDED ENTRY ELEMENTS (KOHA)
Koha item type Books
Holdings
Withdrawn status Lost status Source of classification Damaged status Not for loan Home library Current library Shelving location Date acquired Total Checkouts Call number Accession number Date last seen Price effective from Koha item type Copy number
    Dewey Decimal Classification     SEACOM MANAGEMENT COLLEGE SEACOM MANAGEMENT COLLEGE Reference 19/12/2007   658.72 N 155 M-1564 07/01/2025 07/01/2025 Books  
    Dewey Decimal Classification     SEACOM MANAGEMENT COLLEGE SEACOM MANAGEMENT COLLEGE   19/12/2007   658.72 N 155 M-1565 07/01/2025 07/01/2025 Books 1
    Dewey Decimal Classification     SEACOM MANAGEMENT COLLEGE SEACOM MANAGEMENT COLLEGE   19/12/2007   658.72 N 155 M-1566 07/01/2025 07/01/2025 Books 2
    Dewey Decimal Classification     SEACOM MANAGEMENT COLLEGE SEACOM MANAGEMENT COLLEGE   19/12/2007   658.72 N 155 M-1567 07/01/2025 07/01/2025 Books 3
    Dewey Decimal Classification     SEACOM MANAGEMENT COLLEGE SEACOM MANAGEMENT COLLEGE   19/12/2007   658.72 N 155 M-1568 07/01/2025 07/01/2025 Books 4
    Dewey Decimal Classification     SEACOM MANAGEMENT COLLEGE SEACOM MANAGEMENT COLLEGE   19/12/2007   658.72 N 155 M-1569 07/01/2025 07/01/2025 Books 5
    Dewey Decimal Classification     SEACOM MANAGEMENT COLLEGE SEACOM MANAGEMENT COLLEGE   04/03/2009   658.72 N 155 M-2366 07/01/2025 07/01/2025 Books 6
    Dewey Decimal Classification     SEACOM MANAGEMENT COLLEGE SEACOM MANAGEMENT COLLEGE   04/03/2009   658.72 N 155 M-2367 07/01/2025 07/01/2025 Books 7
© Seacom Engineering College, All rights reserved.    Powered by Koha